Forum; (Record no. 18700)
[ view plain ]
| 000 -LEADER | |
|---|---|
| fixed length control field | 00796nam a22002651 4500 |
| 001 - CONTROL NUMBER | |
| control field | 18700 |
| 003 - CONTROL NUMBER IDENTIFIER | |
| rucl marc code | BD-RjUL |
| 005 - DATE AND TIME OF LATEST TRANSACTION | |
| control field | 20211209000325.0 |
| 008 - FIXED-LENGTH DATA ELEMENTS--GENERAL INFORMATION | |
| fixed length control field | 140222s1956 nyu 000 0 eng |
| 035 ## - SYSTEM CONTROL NUMBER | |
| System control number | (BD-RjUL)18758 |
| System control number | (OCoLC)3151760 |
| 040 ## - CATALOGING SOURCE | |
| Original cataloging agency | DLC |
| Transcribing agency | ICIU |
| Modifying agency | ICIU |
| -- | BD-RjUL |
| Language of cataloging | eng |
| 041 ## - LANGUAGE CODE | |
| Language code of text/sound track or separate title | eng |
| 082 ## - DEWEY DECIMAL CLASSIFICATION NUMBER | |
| Classification number | 824.082 |
| Author mark and year | FOR 1956 |
| 245 10 - TITLE STATEMENT | |
| Title | Forum; |
| Remainder of title | a book of essays for college English, |
| Statement of responsibility, etc. | edited by Christian Kiefer and Laurence Muir. |
| 260 ## - PUBLICATION, DISTRIBUTION, ETC. (IMPRINT) | |
| Place of publication, distribution, etc. | New York : |
| Name of publisher, distributor, etc. | Appleton-Century-Crofts , |
| Date of publication, distribution, etc. | 1956. |
| 300 ## - PHYSICAL DESCRIPTION | |
| Pagination | x, 290 p. : |
| Size | 22 cm. |
| 650 #0 - SUBJECT ADDED ENTRY--TOPICAL TERM | |
| Topical term or geographic name as entry element | American essays. |
| 9 (RLIN) | 52988 |
| Topical term or geographic name as entry element | English essays. |
| 9 (RLIN) | 57603 |
| 700 1# - ADDED ENTRY--PERSONAL NAME | |
| Personal name | Kiefer, Christian |
| Personal name | Muir, Laurence, |
| Relator term | joint ed. |
| 942 ## - ADDED ENTRY ELEMENTS (KOHA) | |
| Source of classification or shelving scheme | Dewey Decimal Classification |
| Koha item type | Books |
| Lost status | Source of classification or shelving scheme | Damaged status | Not for loan | Collection code | Permanent Location | Current Location | Shelving location | Date acquired | Source of acquisition | Total Checkouts | Full call number | Date last seen | Copy number | Koha item type |
|---|---|---|---|---|---|---|---|---|---|---|---|---|---|---|
| Dewey Decimal Classification | Not For Loan | Fiction | Central Library, University of Rajshahi | Central Library, University of Rajshahi | Reading Room | 10/06/1965 | Peace CARPS Dmerica Rajshahi | 824.082 FOR 1956 | 22/02/2014 | C-1 | Books |